000 00762cab a2200241 4500
001 ABS60587
008 090401t1999 xxu||||| |||| 00| 0 eng d
035 _a(Sirsi) u93139
041 _aeng
245 _aRichardson Developments Ltd v Birmingham CC
260 _c1999
350 _a0
490 _aRating & Valuation Reporter
_v[1999] 39 RVR 44-47(4)
650 _aEXTENSIONS
650 _aLISTED BUILDINGS
650 _aNON DOMESTIC RATING (UNOCCUPIED PROPERTY) REGULATIONS 1989 R2(D)
650 _aPLANNING (LISTED BUILDINGS AND CONSERVATION AREAS) ACT 1990 S1(5)
650 _aRICHARDSON DEVELOPMENT LTD V BIRMINGHAM CC
650 _aUNOCCUPIED PROPERTY RATES
690 _aRATING AND VALUATION-CASE LAW
942 _n0
948 _c05/05/1999
999 _c59024
_d59024